000
00229nam a22000857a 4500
008
160718b xxu||||| |||| 00| 0 eng d
100
_9
3031
_a
Singhal A
245
_a
ABC of Mathematics
260
_a
New Delhi
_b
Holy Faith Publication
_c
2008
999
_c
2594
_d
2594